Russia, Ukraine & Belarus. (Record no. 158)

MARC details
000 -LEADER
fixed length control field 01113cas a2200337 a 4500
005 - DATE AND TIME OF LATEST TRANSACTION
control field 20260322212008.0
008 - FIXED-LENGTH DATA ELEMENTS--GENERAL INFORMATION
fixed length control field data
010 ## - LIBRARY OF CONGRESS CONTROL NUMBER
LC control number 2003209421
Canceled/invalid LC control number 96169295
-- 96169295
012 ## -
-- -3-7-0311250474-p-----
020 ## - INTERNATIONAL STANDARD BOOK NUMBER
International Standard Book Number 0864427131
020 ## - INTERNATIONAL STANDARD BOOK NUMBER
International Standard Book Number 9780864427137
040 ## - CATALOGING SOURCE
Original cataloging agency NjWhiM
Transcribing agency NjWhiM
Modifying agency DLC
-- OCoLC
-- DLC
042 ## - AUTHENTICATION CODE
Authentication code lc
043 ## - GEOGRAPHIC AREA CODE
Geographic area code e-bw---
-- e-un---
-- e-bw---
050 00 - LIBRARY OF CONGRESS CALL NUMBER
Classification number DK16
Item number .R87
092 ## - LOCALLY ASSIGNED DEWEY CALL NUMBER (OCLC)
Classification number 914.704 R969 2000
001 - CONTROL NUMBER
control field data
245 10 - TITLE STATEMENT
Title Russia, Ukraine & Belarus.
Statement of responsibility, etc. Lonely Planet Publications (Firm).
246 30 - VARYING FORM OF TITLE
Title proper/short title Russia, Ukraine and Belarus
250 ## - EDITION STATEMENT
Edition statement 2d edition
260 ## - PUBLICATION, DISTRIBUTION, ETC.
Place of publication, distribution, etc. Oakland, CA :
-- Oakland, CA :
Name of publisher, distributor, etc. Lonely Planet Publications,
Date of publication, distribution, etc. c1996-2000.
300 ## - PHYSICAL DESCRIPTION
Extent 976 p.
Other physical details ill., maps ;
Dimensions 19 cm.
362 0# - DATES OF PUBLICATION AND/OR SEQUENTIAL DESIGNATION
Dates of publication and/or sequential designation 1st ed. (1996)-2nd ed. (2000).
490 1# - SERIES STATEMENT
Series statement 1996: Lonely Planet travel survival kit
651 #0 - SUBJECT ADDED ENTRY--GEOGRAPHIC NAME
Geographic name Russia (Federation)
Form subdivision Guidebooks.
651 #0 - SUBJECT ADDED ENTRY--GEOGRAPHIC NAME
Geographic name Belarus
Form subdivision Guidebooks.
651 #0 - SUBJECT ADDED ENTRY--GEOGRAPHIC NAME
Geographic name Ukraine
Form subdivision Guidebooks.
720 2# - ADDED ENTRY--UNCONTROLLED NAME
Name Lonely Planet Publications (Firm)
785 01 - SUCCEEDING ENTRY
Title Russia & Belarus
Record control number (OCoLC)52725435
-- (OCoLC)52725435
830 #0 - SERIES ADDED ENTRY--UNIFORM TITLE
Uniform title Lonely Planet travel survival kit.
Holdings
Withdrawn status Lost status Damaged status Not for loan Home library Current library Shelving location Date acquired Total checkouts Full call number Barcode Date last seen Price effective from Koha item type
        Centerville Centerville General stacks 22/03/2026   DK16 .R87 BC0010163 22/03/2026 22/03/2026 Books